| 000 | 01355 a2200205 4500 | ||
|---|---|---|---|
| 020 | _a0201571641 | ||
| 020 | _a9780201571646 | ||
| 082 | 0 | 4 | _a005.133 |
| 090 |
_c3858 _d3858 |
||
| 100 | 1 | _aLewis, John. | |
| 245 | 1 | 0 |
_aJava software solutions : _bfoundations of program design / _cJohn Lewis. |
| 260 |
_a[S.l.] : _bAddison-Wesley, _c1997. |
||
| 300 |
_a857 p. ; _c23 cm. |
||
| 500 | _aPaperback. | ||
| 520 | _aUsing Java(TM) 1.1, Java Software Solutions teaches beginning programmers how to design and implement high-quality object-oriented software. The authors emphasize problem solving through understanding requirements, exploring options, and designing conceptually clean solutions. John Lewis and Bill Loftus wrote this book from the ground up, taking full advantage of Java to teach introductory programming. Throughout the book, the authors intertwine the use of applets and applications to demonstrate computing concepts. Applets are introduced early, building on the excitement of the web, while applications are used for readers to gain a clear understanding of programming concepts. | ||
| 700 | 1 | _aLoftus, William. | |
| 856 | 4 | 0 |
_3Amazon.com _uhttp://www.amazon.com/exec/obidos/ASIN/0201571641/chopaconline-20 |
| 856 | 4 | 0 |
_3Amazon customer reviews _uhttp://www.chopac.org/cgi-bin/tools/azrev.pl?q=0201571641 |
| 942 |
_aNBS _cBK _k055.133 LEW |
||
| 999 |
_c346321 _d346321 |
||